| 000 | 00615nam a2200193Ia 4500 | ||
|---|---|---|---|
| 008 | 151119s9999||||xx |||||||||||||| ||und|| | ||
| 082 | _a306.74पांडे/सोमाली | ||
| 082 | _bGKKV32200 | ||
| 100 | _aपांडे भारती | ||
| 245 | _aसोमाली माम | ||
| 260 | _aपुणे | ||
| 260 | _bमेहता पब्लीशिग हाउस | ||
| 260 | _c2010 | ||
| 600 | _aपांडे भारती | ||
| 630 | _aसोमाली माम | ||
| 700 | _aपांडे भारती | ||
| 730 | _aसोमाली माम | ||
| 942 | _cBOOK | ||
| 999 |
_c1084505 _d1084502 |
||